Obfuscations of Video Game Titles #3 - Statistics

General Stats
  • This quiz has been taken 52 times
  • The average score is 7 of 15
Answer Stats
Obfuscation Video Game % Correct
The erroneously printed rendition of a word signifying a span of two weeks Fortnite
84%
The period of time in which a radioactive isotope of an element of the periodic table would have decayed and been reduced to half of its original mass Half-Life
76%
A large gate or other form of entrance, often used in the context of fantasy and sci-fi to symbolize some way to access another dimension or place in physical space Portal
74%
A request to begin partaking in the action of moving your body along to a song, facilitated by a helper word that denotes politeness or permission Just Dance
68%
The unrequited desire and pining for the scalar quantity of motion, often measured by a meter on passenger vehicles Need for Speed
66%
Nonphysical portions of homo sapiens that are characterized by an absence of light or forgivable character Dark Souls
58%
One who engages in melee conflict on thoroughfares usually purposed for local car traffic Street Fighter
58%
A small animal prone to rolling up in a ball for defense, not unlike a type of shrubbery, named after a word denoting a certain characteristic of objects in nature pertaining to sound Sonic the Hedgehog
50%
The stage of human social and cultural development and organization that is considered most advanced Civilization
39%
The state of being physically in good health because of a balanced diet, offered for the console named after the pronoun denoting multiple people including the speaker of the word itself Wii Fit
29%
That which is physically located beneath a fictitiously told story, especially one that appears to be invented and imaginative Undertale
21%
A self-enclosed variety of prized accessory often made of valuable materials subject to the ability of growing old and aging Elden Ring
11%
A long, handled tool with a blunt, curved, and flat blade in the possession of an armored homo sapien of the Middle Ages Shovel Knight
11%
A depressed and long form of topographic feature which is characterized by condensed vapor that has formed on bright celestial bodies Stardew Valley
11%
The holy resting place dedicated to the systematic and repeated arrangement of musical sounds when related to tempo and duration Rhythm Heaven
5%
No matching quizzes found
Score Distribution
Percent of People with Each Score
Percentile by Number Answered
Your Score History
You have not taken this quiz